00586nam a2200205 a 4500008004100000020001500041050001900056100001900075245004700094260004100141300002200182350000900204490004100213490000600254500003000260650002800290650001200318650002600330700002400356120416s1984 ||||||||||||||||| || u a0566007320 aHD 7288.85 Dol aDoling, John F10aPublic control of privately rented housing aAldershotbGower Publishing Coc1984 avii, 176p. : ill. a0.00 aStudies in urban and regional policy v2 aBibliography: p. 171-176. aRENTAL HOUSING--ENGLAND aHOUSING aRent control--England aDavies, Mary, 1923-